<?xml version="1.0" encoding="UTF-8"?>
<record
    xmlns:xsi="http://www.w3.org/2001/XMLSchema-instance"
    xsi:schemaLocation="http://www.loc.gov/MARC21/slim http://www.loc.gov/standards/marcxml/schema/MARC21slim.xsd"
    xmlns="http://www.loc.gov/MARC21/slim">

  <leader>01659nam a2200325 a 4500</leader>
  <controlfield tag="001">1515725</controlfield>
  <controlfield tag="003">OSt</controlfield>
  <controlfield tag="005">20210706125824.0</controlfield>
  <controlfield tag="008">151130s2015    ck a   gr     000 0dspa d</controlfield>
  <datafield tag="020" ind1=" " ind2=" ">
    <subfield code="a">9789585888784 (obra completa)</subfield>
  </datafield>
  <datafield tag="020" ind1=" " ind2=" ">
    <subfield code="z">9789588944135</subfield>
  </datafield>
  <datafield tag="020" ind1=" " ind2=" ">
    <subfield code="a">9789588944173</subfield>
  </datafield>
  <datafield tag="040" ind1=" " ind2=" ">
    <subfield code="a">CO-MqBPB</subfield>
    <subfield code="b">spa </subfield>
    <subfield code="c">CO-MqBPB</subfield>
  </datafield>
  <datafield tag="043" ind1=" " ind2=" ">
    <subfield code="a">s-ck---</subfield>
  </datafield>
  <datafield tag="082" ind1="0" ind2="4">
    <subfield code="a">303.60986 </subfield>
    <subfield code="b">V14l </subfield>
  </datafield>
  <datafield tag="110" ind1="2" ind2=" ">
    <subfield code="a">Centro Nacional de Memoria Hist&#xFFFD;rica.</subfield>
  </datafield>
  <datafield tag="245" ind1="1" ind2="3">
    <subfield code="a">Un largo Camino</subfield>
    <subfield code="b">Un viaje por la memoria hist&#xF3;rica : aprender la paz y desaprender la guerra / </subfield>
    <subfield code="c">Beatriz Eugenia Vallejo</subfield>
    <subfield code="h">Centro Nacional de Memoria Hist&#xF3;rica.</subfield>
  </datafield>
  <datafield tag="260" ind1=" " ind2=" ">
    <subfield code="a">Bogot&#xE1; : </subfield>
    <subfield code="b">Centro Nacional de Memoria Hist&#xF3;rica - CNMH</subfield>
    <subfield code="c">2016.</subfield>
  </datafield>
  <datafield tag="300" ind1=" " ind2=" ">
    <subfield code="a">56 p&#xE1;ginas</subfield>
    <subfield code="b">ilustraciones ; </subfield>
    <subfield code="c">23 cm.</subfield>
  </datafield>
  <datafield tag="490" ind1="0" ind2=" ">
    <subfield code="a">La caja de herramientas</subfield>
  </datafield>
  <datafield tag="504" ind1=" " ind2=" ">
    <subfield code="a">Incluye bibliograf&#xFFFD;a.</subfield>
  </datafield>
  <datafield tag="505" ind1="0" ind2=" ">
    <subfield code="a">v.1. Claves para navegar por la memoria hist&#xFFFD;rica. -- v.2. Agradecimientos y justificaci&#xFFFD;n, &#xFFFD;por qu&#xFFFD; una caja de herramientas desde el CNMH?. -- v.3.Gu&#xFFFD;a general para un viaje por la memoria hist&#xFFFD;rica. -- v.4. Gu&#xFFFD;a para maestros y maestras, El Salado, Montes de Mar&#xFFFD;a, tierra de luchas y contrastes. -- v.5. El Salado, Los Montes de Mar&#xFFFD;a, tierra de luchas y contrastes</subfield>
  </datafield>
  <datafield tag="650" ind1=" " ind2="4">
    <subfield code="a">Desplazamiento forzado</subfield>
    <subfield code="z"> Colombia.</subfield>
  </datafield>
  <datafield tag="650" ind1=" " ind2=" ">
    <subfield code="a">Memoria colectiva</subfield>
    <subfield code="z"> El Salado (Corregimiento, Carmen de Bol&#xFFFD;var, Colombia)</subfield>
  </datafield>
  <datafield tag="650" ind1=" " ind2="4">
    <subfield code="a">Identidad colectiva</subfield>
    <subfield code="z"> Colombia.</subfield>
  </datafield>
  <datafield tag="651" ind1=" " ind2="4">
    <subfield code="a">El Salado (Corregimiento, Carmen de Bol&#xFFFD;var, Colombia)</subfield>
    <subfield code="x"> Conflictos sociales.</subfield>
  </datafield>
  <datafield tag="651" ind1=" " ind2="4">
    <subfield code="a">El Salado (Corregimiento, Carmen de Bol&#xFFFD;var, Colombia)</subfield>
    <subfield code="x"> Conflicto armado.</subfield>
  </datafield>
  <datafield tag="942" ind1=" " ind2=" ">
    <subfield code="2">ddc</subfield>
    <subfield code="c">BK</subfield>
  </datafield>
  <datafield tag="949" ind1=" " ind2=" ">
    <subfield code="a">c   </subfield>
    <subfield code="b">c</subfield>
  </datafield>
  <datafield tag="999" ind1=" " ind2=" ">
    <subfield code="c">13663</subfield>
    <subfield code="d">13663</subfield>
  </datafield>
  <datafield tag="952" ind1=" " ind2=" ">
    <subfield code="0">0</subfield>
    <subfield code="1">0</subfield>
    <subfield code="2">ddc</subfield>
    <subfield code="4">0</subfield>
    <subfield code="5">1</subfield>
    <subfield code="7">0</subfield>
    <subfield code="8">GEN</subfield>
    <subfield code="a">BPMOS</subfield>
    <subfield code="b">BPMOS</subfield>
    <subfield code="d">2021-07-06</subfield>
    <subfield code="e">Dotaci&#xF3;n CNMH 2021</subfield>
    <subfield code="i">NT</subfield>
    <subfield code="l">0</subfield>
    <subfield code="o">303.60986  V14l </subfield>
    <subfield code="p">MOS501359</subfield>
    <subfield code="r">2021-12-07</subfield>
    <subfield code="t">Ej. 1</subfield>
    <subfield code="w">2021-07-06</subfield>
    <subfield code="y">BK</subfield>
    <subfield code="z">Ocho d&#xED;as</subfield>
  </datafield>
  <datafield tag="952" ind1=" " ind2=" ">
    <subfield code="0">0</subfield>
    <subfield code="1">0</subfield>
    <subfield code="2">ddc</subfield>
    <subfield code="4">0</subfield>
    <subfield code="5">1</subfield>
    <subfield code="7">0</subfield>
    <subfield code="8">GEN</subfield>
    <subfield code="a">BPMOS</subfield>
    <subfield code="b">BPMOS</subfield>
    <subfield code="d">2021-07-06</subfield>
    <subfield code="e">Dotaci&#xF3;n CNMH 2021</subfield>
    <subfield code="i">NT</subfield>
    <subfield code="l">0</subfield>
    <subfield code="o">303.60986  V14l </subfield>
    <subfield code="p">MOS501360</subfield>
    <subfield code="r">2021-12-07</subfield>
    <subfield code="t">Ej. 2</subfield>
    <subfield code="w">2021-07-06</subfield>
    <subfield code="y">BK</subfield>
    <subfield code="z">Ocho d&#xED;as</subfield>
  </datafield>
  <datafield tag="952" ind1=" " ind2=" ">
    <subfield code="0">0</subfield>
    <subfield code="1">0</subfield>
    <subfield code="2">ddc</subfield>
    <subfield code="4">0</subfield>
    <subfield code="5">1</subfield>
    <subfield code="7">0</subfield>
    <subfield code="8">GEN</subfield>
    <subfield code="a">BPMOS</subfield>
    <subfield code="b">BPMOS</subfield>
    <subfield code="d">2021-07-06</subfield>
    <subfield code="e">Dotaci&#xF3;n CNMH 2021</subfield>
    <subfield code="i">NT</subfield>
    <subfield code="l">0</subfield>
    <subfield code="o">303.60986  V14l </subfield>
    <subfield code="p">MOS501361</subfield>
    <subfield code="r">2021-12-07</subfield>
    <subfield code="t">Ej. 3</subfield>
    <subfield code="w">2021-07-06</subfield>
    <subfield code="y">BK</subfield>
    <subfield code="z">Ocho d&#xED;as</subfield>
  </datafield>
  <datafield tag="952" ind1=" " ind2=" ">
    <subfield code="0">0</subfield>
    <subfield code="1">0</subfield>
    <subfield code="2">ddc</subfield>
    <subfield code="4">0</subfield>
    <subfield code="5">1</subfield>
    <subfield code="7">0</subfield>
    <subfield code="8">GEN</subfield>
    <subfield code="a">BPMOS</subfield>
    <subfield code="b">BPMOS</subfield>
    <subfield code="d">2021-07-06</subfield>
    <subfield code="e">Dotaci&#xF3;n CNMH 2021</subfield>
    <subfield code="i">NT</subfield>
    <subfield code="l">0</subfield>
    <subfield code="o">303.60986  V14l </subfield>
    <subfield code="p">MOS501362</subfield>
    <subfield code="r">2021-12-07</subfield>
    <subfield code="t">Ej. 4</subfield>
    <subfield code="w">2021-07-06</subfield>
    <subfield code="y">BK</subfield>
    <subfield code="z">Ocho d&#xED;as</subfield>
  </datafield>
</record>
